000 00383 a2200109 4500
001 ART_5671
005 20260410161828.0
008 260409a
245 1 0 _aUna discusión sobre la explotación económica de los recursos narturales no renovables
100 1 _aCastellano, Andrea
773 0 _tEstudios Económicos
_g- Vol. 13, Nº 29/30 (ene./dic. 1997)
_wREV5080
999 _c22939
_d22939